000 00736nam a2200265Ia 4500
001 dia_1679
003 CHAP
005 20231027105747.0
008 220117s1996 xx 000 0 und d
010 _a172225
020 _a968-29-9112-9
040 _cCHAP
082 _a531 G8
100 0 _aGutiérrez Aranzeta, Carlos
_951618
245 _a60 Experimentos Caseros de Mecánica y Calor /
_c por Carlos Gutiérrez Aranzeta.
260 _aMéxico. Instituto Politécnico Nacional.
_c1996
300 _a177 p.
500 _aC/e
650 _aCalor
_917570
650 _aMecánica.
_973810
901 _a531 G8
902 _aM
905 _a0000001996 MEXILUS0000000000ESP00
942 _cLIBRO
_2ddc
999 _c172225
_d172225